00643nam a2200193Ia 4500008004100000020001800041082001600059100002400075245006900099250000700168260003100175300001800206500001900224600001500243650001500258942000700273952015200280999001700432240925s9999 xx 000 0 und d a9780070238343 a658.155 SEP a Sepulveda, Jose A. 0aSchaums outlines of theory and problems of engineering economics aNA aLondon:bMcGraw-Hillc1984 a184p.bNAfNA aIncludes Index aManagement aManagement cBK 001040708MANaUITUbUITUd2024-01-05eProgressive International Aggenciesg4064.33l0o658.155 SEPpQ15754r2024-09-25 07:17:51w0000-00-00yBK c18253d18253